000 00908nam a2200265Ia 4500
003 OSt
005 20221005105621.0
006 a|||||r|||| 00| 0
007 ta
008 221004b |||||||| |||| 00| 0 san d
020 _a9788193255926 (hbk)
_cINR 525.00
024 _a44899
037 _b374, 04/02/2019, Vidyanidhi Prakashan
_cTextual
040 _aCRL
_cCRL
_bsan
041 _2san
_asan
082 _aQ127:22, 152Q6
100 _aशर्मा, रेनू के., ले.
245 0 _aशतपथ - शेवधि
246 _aShatapath - shevadhi
260 _aनई दिल्ली
_bरीवा प्रकाशन भारत
_c2016
300 _a93पृ0
_ccm.
650 _aधर्म
942 _hQ127:22, 152Q6
_cTEXL
_2cc
999 _c1016363
_d1016363